Theory and practice of arc welding (Record no. 548603)

000 -LEADER
fixed length control field 00757cam a22001691 4500
082 ## - DEWEY DECIMAL CLASSIFICATION NUMBER
Classification number 671.5212
Author Mark SAC
-- L-24, P-19
100 1# - MAIN ENTRY--PERSONAL NAME
Personal name Sacks, Raymond J.
9 (RLIN) 44963
245 00 - TITLE STATEMENT
Title Theory and practice of arc welding
Statement of responsibility, etc. [by] R.J. Sacks ...
260 ## - PUBLICATION, DISTRIBUTION, ETC.
Place of publication, distribution, etc. New York,
Name of publisher, distributor, etc. D. Van Nostrand Company, inc.
Date of publication, distribution, etc. [1943]
300 ## - PHYSICAL DESCRIPTION
Extent xii, 383 p.
Other physical details illus., diagrs.
Dimensions 25 cm
500 ## - GENERAL NOTE
General note "An original course of study in arc welding in accordance with the recommendations of the American welding society. It is ... based on the society's 'Code of minimum standards for instruction of welding operators.' "--Pref.
526 ## - STUDY PROGRAM INFORMATION NOTE
Program name 0
Interest level 0
Reading level 0
Title point value 671_521200000000000_SAC
650 #0 - SUBJECT ADDED ENTRY--TOPICAL TERM
Topical term or geographic name entry element Electric welding.
9 (RLIN) 43061
650 #0 - SUBJECT ADDED ENTRY--TOPICAL TERM
Topical term or geographic name entry element MCE
9 (RLIN) 379
710 2# - ADDED ENTRY--CORPORATE NAME
Corporate name or jurisdiction name as entry element American Welding Society.
9 (RLIN) 36062
942 ## - ADDED ENTRY ELEMENTS (KOHA)
Source of classification or shelving scheme
Koha item type Book
Holdings
Withdrawn status Lost status Source of classification or shelving scheme Damaged status Not for loan Permanent Location Current Location Date acquired Total Checkouts Full call number Barcode Date last seen Price effective from Koha item type
          Military College of Engineering (MCE) Military College of Engineering (MCE) 09/03/2014   671.5212 SAC MCE-40731 09/03/2014 09/03/2014 Book
© 2023 Central Library, National University of Sciences and Technology. All Rights Reserved.